LEADER 01320nam a2200253 i 4500 001 000000044753 003 CaOOAMICUS 005 20091023000000.0 008 091023s1971 gw u000 u ger u 013 $a15923 040 $aSeMil$bita 245 10$aGlaube als Verpflichtung :$bhorizontale und vertikale Strukturen des christlichen Glaubens /$cherausgegeben von Eugen Biser und Paulus G. Wacker ; in Verbindung mit Heinrich Döring ... [et al.]. 260 $aMünchen [etc.] :$bF. Schöningh,$c1971. 300 $a189 p. :$b1 ritr. ;$c23 cm. 500 $aCon Bibliographie di J. Hasenfuss (pp. 173-189). 650 4$aFede - Teologia fondamentale.$0(OLS)http://semarc/subject/172 700 1 $aHasenfuss, Josef <1901-1983>.$0(OLS)http://semarc/name/6719 700 1 $aDöring, Heinrich,$d<1933- >.$0(OLS)http://semarc/name/19870 700 1 $aWacker, Paulus Gerhard <1934- >.$0(OLS)http://semarc/name/22299 700 1 $aBiser, Eugen <1918-2014>.$0(OLS)http://semarc/name/559 850 $aSeMil 852 $aSeMil$W1$xVenegono$y1$m2B IV 296$j10908$B10908$CSeMilBibl$Z2$F10908 $81 996 $6245$aGlaube als Verpflichtung :$bhorizontale und vertikale Strukturen des christlichen Glaubens$9(OLS)http://semarc/title/66312 996 $6260$aMünchen [etc.] :$bF. Schöningh$9(OLS)http://semarc/publisher/31674 LEADER 00620nam a2200205 i 4500 001 000000044979 003 CaOOAMICUS 005 19951128000000.0 008 951128s1971 it u000 u ita u 013 $a16149 040 $aSeMil$bita 245 10$aParte 1. 250 $a2. ed. 300 $a946 p. 773 0 $tMysterium salutis.$dBrescia : Queriniana, 1968-1982.$g3$w()1276 773 0 $tEvento Cristo.$w()6711 850 $aSeMil 852 $aSeMil$W1$xVenegono$y1$mSL1.P V 5$j11134$B11134$CSeMilBibl$Z2$F11134 $8I 961 $aLascito: Olgiati don Giuseppe 996 $6245$aParte 1$9(OLS)http://semarc/title/49080